000 00364nam a2200145Ia 4500
008 230917s9999||||xx |||||||||||||| ||und||
040 _e23124
_aMAIN
041 _aEnglish
082 _a330.1 W18E
100 _aWalras, Leon
245 0 _aElements of pure economics
260 _aLondon
_bAmerican Economics Association
_c1954
300 _a620 p.
942 _cBK
999 _c126153
_d126153